Central Library OPAC University of Rajshahi

দান্তে রচনাসমগ্র / (Record no. 41521)

MARC details
000 -LEADER
fixed length control field 00936nam a22002417a 4500
001 - CONTROL NUMBER
control field 41521
003 - CONTROL NUMBER IDENTIFIER
rucl marc code BD-RjUL
005 - DATE AND TIME OF LATEST TRANSACTION
control field 20211209053414.0
008 - FIXED-LENGTH DATA ELEMENTS--GENERAL INFORMATION
fixed length control field 160601s1977 ii ||||| |||| 00| 0 ben d
020 ## - INTERNATIONAL STANDARD BOOK NUMBER
Terms of availability : IRs 20.00
035 ## - SYSTEM CONTROL NUMBER
System control number (BD-RjUL)41639
040 ## - CATALOGING SOURCE
Original cataloging agency BD-RjUL
Language of cataloging ben
Transcribing agency BD-RjUL
041 ## - LANGUAGE CODE
Language code of text/sound track or separate title ben
082 ## - DEWEY DECIMAL CLASSIFICATION NUMBER
Edition number 23
Classification number 851.08
Author mark and year DAD 1977
100 ## - MAIN ENTRY--PERSONAL NAME
Personal name দান্তে
9 (RLIN) 127600
245 10 - TITLE STATEMENT
Title দান্তে রচনাসমগ্র /
Statement of responsibility, etc. দান্তে ; অনুবাদ সুধাংশুরঞ্জন ঘোষ
260 ## - PUBLICATION, DISTRIBUTION, ETC. (IMPRINT)
Place of publication, distribution, etc. কলকাতা :
Name of publisher, distributor, etc. তুলি-কলম,
Date of publication, distribution, etc. ১৯৭৭
300 ## - PHYSICAL DESCRIPTION
Pagination xx, ৪৬০ পৃ. ;
Size ২১ সেমি.
650 ## - SUBJECT ADDED ENTRY--TOPICAL TERM
Topical term or geographic name as entry element ইতালিয়ান কবিতা
9 (RLIN) 127601
General subdivision সংগ্রহ
Topical term or geographic name as entry element Italyan Poetry
9 (RLIN) 127602
General subdivision Collection
700 ## - ADDED ENTRY--PERSONAL NAME
Personal name ঘোষ, সুধাংশুরঞ্জন, অনুবাদ
942 ## - ADDED ENTRY ELEMENTS (KOHA)
Source of classification or shelving scheme Dewey Decimal Classification
Koha item type Books
Holdings
Lost status Source of classification or shelving scheme Damaged status Not for loan Collection code Permanent Location Current Location Shelving location Date acquired Source of acquisition Cost, normal purchase price Total Checkouts Full call number Date last seen Date checked out Copy number Koha item type
  Dewey Decimal Classification     Non-fiction Central Library, University of Rajshahi Central Library, University of Rajshahi   18/11/1978 calcitta: Indian International 21.00 1 B 851.08 DAD 1977 28/07/2025 03/10/2022 C-2 Books
  Dewey Decimal Classification     Non-fiction Central Library, University of Rajshahi Central Library, University of Rajshahi   18/11/1978 India int. calulta 20.00   B 851.08 DAD 1977 18/08/2016   C-3 Books
  Dewey Decimal Classification   Not For Loan Non-fiction Central Library, University of Rajshahi Central Library, University of Rajshahi Reading Room 23/01/1978 Uttarbanga library, Rajshahi. 50.00   B 851.08 DAD 1977 06/03/2017   C-1 Books